The development of mathematics in China and Japan /
Guardado en:
| Autor Principal: | |
|---|---|
| Formato: | Libro |
| Idioma: | English |
| Publicado: |
New York :
Chelsea,
s.f.
|
| Etiquetas: |
Agregar Etiqueta
Sin Etiquetas, Sea el primero en etiquetar este registro!
|
| LEADER | 00435nam a22001455a 4500 | ||
|---|---|---|---|
| 001 | EUN.um010421 | ||
| 003 | AR-BaUNS | ||
| 005 | 20050623122854.0 | ||
| 008 | 041125ss.f.####xxu###########000#0#eng#d | ||
| 245 | 1 | 4 | |a The development of mathematics in China and Japan / |c Yoshio Mikami. |
| 260 | |a New York : |b Chelsea, |c s.f. | ||
| 300 | |a 330 p. | ||
| 100 | 1 | |a Mikami, Yoshio. | |
| 082 | 0 | 4 | |a 510.952 |
| 859 | |a Ar-BaUNS |b BIB. CENTRAL - Sector C |h 510.952 |i M589 |p 2943/963 | ||
